000 00414nam a22001697a 4500
005 20160630111032.0
008 160630b xxu||||| |||| 00| 0 eng d
020 _a978-0-07-069980-9
041 _aeng
082 _b19501
100 _aSubramanya K
_93279
245 _aFluid Mechanics & hydraulic machines
260 _bMc graw Hill
_c2014
300 _a622
650 _aDiploma Engineering
_9817
942 _cBK
999 _c4873
_d4871